000 00689nam a22001217a 4500
040 _cRUA
100 _aKUOK CHEABHENG. គួក ជាបហេង
245 _aCASE OF ESCHERICHIA COLI ANTIBIOTIC RESISTANT ON CHICKEN AT SOEM DET FARM, BATI DISTTRICT, TAKEO PROVINCE. ករណី ESCHERICHIA COLI សុាំនឹងឪសថអង់ទីប្យូទិចលើមាន់សាច់នៅកសិដ្ធានសុឹម ដេត ស្រុកបាទី ខេត្តតាកែវ
260 _aPhnom Penh
_bRUA
_c2020
300 _aIX.38P
_bVII.
_c29CM
856 _uhttps://drive.google.com/file/d/1XE6wqW5SLYc5_kmTwulBh3ddu-jSc6bF/view?usp=sharing
942 _cVEM
999 _c21669
_d21669